<?xml version="1.0" encoding="UTF-8"?>
<record
    xmlns:xsi="http://www.w3.org/2001/XMLSchema-instance"
    xsi:schemaLocation="http://www.loc.gov/MARC21/slim http://www.loc.gov/standards/marcxml/schema/MARC21slim.xsd"
    xmlns="http://www.loc.gov/MARC21/slim">

  <leader>01844    a2200205   4500</leader>
  <controlfield tag="001">29663</controlfield>
  <controlfield tag="005">20260407155607.0</controlfield>
  <controlfield tag="008">260407a1969    arg                 spa d</controlfield>
  <controlfield tag="003">AR-UNSa-BCEJYS</controlfield>
  <datafield tag="040" ind1=" " ind2=" ">
    <subfield code="a">AR-UNSa-BCEJYS</subfield>
    <subfield code="b">spa</subfield>
    <subfield code="c">AR-UNSa-BCEJYS</subfield>
  </datafield>
  <datafield tag="080" ind1=" " ind2=" ">
    <subfield code="a">657.36</subfield>
    <subfield code="x">Balances de comprobaci&#xF3;n (balance estimativo). Balances de saldo. Balance intermedio</subfield>
  </datafield>
  <datafield tag="245" ind1="1" ind2="0">
    <subfield code="a">Auditoria de balances</subfield>
  </datafield>
  <datafield tag="264" ind1=" " ind2="1">
    <subfield code="a">Buenos Aires :</subfield>
    <subfield code="b">Selecci&#xF3;n Contable</subfield>
    <subfield code="c">1969</subfield>
  </datafield>
  <datafield tag="300" ind1=" " ind2=" ">
    <subfield code="a">251 p.</subfield>
    <subfield code="c">23 cm.</subfield>
  </datafield>
  <datafield tag="505" ind1=" " ind2=" ">
    <subfield code="a">Parte I: Estructura general del balance 1. Conceptos preliminares sobre balance - 2. El Balance frente a la ley y a la ciencia contable en el plano internacional - 3. Principios del balance y fenomenos economicos - Parte II: Generalidades sobre el fraude contable en el balance 4. Concepto general del fraude contable - 5. Balance Fraudulento - Parte III: Fraude en el activo 6. Generalidades sobre el fraude patrimonial - 7. Casos practicos de fraude en las inmovilizaciones - 8.  Casos practicos de fraude en los bienes de venta - 9. Casos practicos de fraude en el credito - 10. Casos practicos de fraude en bienes de redito y bienes en efectivo - Parte IV: Fraude en el Pasivo 11. Generalidades sobre el fraude en el pasivo - 12. Casos practicos de fraude en las deudas (debito) - 13. Casos practicos de fraude en el capital propio - Parte V: Fraude en la presentaci&#xF3;n de ganancias y perdidas 14. Generalidades sobre el fraude en las cuentas de ganancias y perdidas - 15. Casos practicos de fraude en los costos - 16. Casos practicos de fraude en los ingresos - 17. Protecci&#xF3;n por medio de la auditoria contra el fraude en general - 18. Protecci&#xF3;n por medio del analisis contable contra el fraude en el balance.</subfield>
  </datafield>
  <datafield tag="942" ind1=" " ind2=" ">
    <subfield code="c">BK</subfield>
  </datafield>
  <datafield tag="590" ind1=" " ind2=" ">
    <subfield code="a">niveau_biblio:m niveau_hierar:0</subfield>
  </datafield>
  <datafield tag="100" ind1="1" ind2=" ">
    <subfield code="a">L&#xF3;pes de Sa, Antonio</subfield>
  </datafield>
  <datafield tag="700" ind1="1" ind2=" ">
    <subfield code="a">Casco, Irma Esther</subfield>
  </datafield>
  <datafield tag="999" ind1=" " ind2=" ">
    <subfield code="c">1934</subfield>
    <subfield code="d">1934</subfield>
  </datafield>
  <datafield tag="952" ind1=" " ind2=" ">
    <subfield code="0">0</subfield>
    <subfield code="1">0</subfield>
    <subfield code="4">0</subfield>
    <subfield code="7">0</subfield>
    <subfield code="a">BCEJYS</subfield>
    <subfield code="b">BCEJYS</subfield>
    <subfield code="c">16</subfield>
    <subfield code="d">2026-04-07</subfield>
    <subfield code="l">0</subfield>
    <subfield code="o">657.36 L865a</subfield>
    <subfield code="p">L22098</subfield>
    <subfield code="r">2026-04-07 15:56:07</subfield>
    <subfield code="w">2026-04-07</subfield>
    <subfield code="y">L</subfield>
  </datafield>
</record>
